Crossover Mario Kart Characters - Statistics

General Stats
  • This quiz has been taken 365 times
    276 since last reset
  • The average score is 14 of 18
Answer Stats
Game Series Character % Correct
Donkey Kong Diddy Kong
99%
Donkey Kong Donkey Kong
97%
Legend of Zelda Link
96%
Donkey Kong Funky Kong
95%
Pac-Man Pac-Man
95%
Animal Crossing Villager Boy
94%
Animal Crossing Villager Girl
94%
Splatoon Inkling Boy
92%
Splatoon Inkling Girl
92%
Animal Crossing Isabelle
92%
Taiko no Tatsujin Don-chan
75%
Donkey Kong Dixie Kong
73%
Pac-Man Ms. Pac-Man
66%
Pac-Man Blinky
64%
Donkey Kong Donkey Kong Jr.
58%
Not from a video game Mii
55%
Not from a video game R.O.B.
51%
Tamagotchi Mametchi
20%
No matching quizzes found
Score Distribution
Percent of People with Each Score
Percentile by Number Answered
Your Score History
You have not taken this quiz since the last reset